000 00525nam a2200157Ia 4500
008 160316s2015 xxu||||| |||| 00| 0 eng d
082 _a346.048800
_bSIN
100 _aSingam Shipra S.
245 _aLegal regime for the protection of trade marks and service marks in India: A study in the light of international trade mark law
250 _a
260 _aNagpur
_bRashtrasanth Tukadoji Maharj, Nagpur University
_c2015
300 _a354
_b
_c
365 _b
650 _a1. Trade mark law 2. Legal regime
700 _a
_a
999 _c41105
_d41105